Quizzes
Events
Quiz Creation
Community
Videos
Private Events
Remove Ads
Sign In
Join for FREE
Feedback
Dark Mode
Quiz Categories
Sports
Geography
Music
Movies
Television
Just For Fun
Miscellaneous
History
Literature
Language
Science
Gaming
Entertainment
Religion
Holiday
For Kids
Quiz Lab
Recent
Popular Today
Quiz Kudos Today
Editor Picks
Curator Picks
Quizzes by...
Day
Popularity
Type
Ratings
Length
Year
Community
Subscriptions
Recent Discussions
Orange Saloon
Badges
Playlists
Quests
Create
Leaderboards
Showdown
Live 5
Trivia Bingo
Activity
Puzzle Library
Sporcle Events
Private Events
Virtual Trivia
Globe League
Become a Host
Pub Owners
SporcleCon
Opinionation
Our Games
Videos
Blog
Mobile Apps
Partnerships
Remove Ads and Go Orange
Feedback
Language
Vocabulary
Begins and Ends
Definition
Spanish
French
German
Italian
Chinese
Latin
Translation
Japanese
Language
Vocabulary
Begins and Ends
Definition
Spanish
French
German
Italian
Chinese
Latin
Translation
Japanese
Random Quiz
Search Sporcle
×
Quiz Lab
Quiz Lab
Language
Spelling
Type in answers that appear in a list
Type in answers that appear in a list
Classic
Best Score? Go Orange.
Spelling for Learn Direct Stats
Can you name the spelling for Learn Direct word?
By
SASGood
10m
27 Questions
5 Plays
5 Plays
5 Plays
Comments
Comments
Give Quiz Kudos
Give Quiz Kudos
-
- Ratings
hide this ad
Replay
Link that replays current quiz
Next Quiz
Link to next quiz in quiz playlist
You Got
0%
They Got
Avg Score
42%
Avg Friend Score
Upgrade to see
Score Distribution
Jump to the score distribution portion of the page
Score
0/27
Timer
10:00
0
Plays Today
Hint
Answer
% Correct
C_
urage +ous
courageous
100%
Glory +ous
Glorious
80%
syn +the +sis
synthesis
80%
die + ing
dying
80%
does this word have two [r]'s or one a_
_
ogant
arrogant
80%
syl +lable and why is there a [y] because [sym] means with or together
syllable
60%
It's an other neutral vowel problem ped_
gree
pedigree
60%
dye + ing
dyeing
60%
guin-
-
pig
guinea
60%
un +sym +path +etic +al +ly and why is there a [y] because [sym] means with or together
unsympathetically
40%
Sometimes [miss] or [mit] means send and sometimes [mis] means wrongly. Submit becomes subm-
-
-
-
-
-
submissive
40%
dismis-
-
-
means to send someone away
dismiss
40%
The [sim] in simple has nothing to do with togetherness that is why it is simple. over-
-
-
-
-
-
-
-
ing
oversimplifying
40%
this word has two neutral vowels are they [e]'s or are they [i]'s. un-
mag-
nable
unimaginable
40%
Hint
Answer
% Correct
he is a really groovy g-
-
guy
40%
neutral vowel is it [e] or [i] or [o] guill-
tine
guillotine
40%
This is a neutral vowel problem are they [i]'s or [e]'s _
mped_
ment
impediment
20%
permit goes to permi-
-
-
-
-
-
but is it [ible] or [able] remeber the rule about words ending in [s] or [t]
permissible
20%
promise something. It's not a comet.
commit
20%
ging-
-
-
tablecloth
gingham
20%
The [mis] in mistake has nothing to do with sending things and more to do with wrongness. unmis-
-
-
-
-
bly
unmistakeable
20%
this word is completely gen-
-
-
-
genuine
20%
not a gorilla sounds the same.
guerilla
20%
Island starting with Gu
Guernsey
20%
neutral vowel is it [e] or [i] or [o] guill-
mot
guillemot
20%
beer Gui-
-
-
-
-
-
Guinness
20%
hot water spout g-
-
-
-
-
geyser
20%
Quiz Playlist
Details
Report
Send in Message
Add To Playlist
Classic:
Type in answers that appear in a list
Last Updated: Feb 16, 2017
Quiz Scoreboard
CHALLENGE
Sign Up to Join the Scoreboard
Show All
Scores
Hide
Comments
May contain spoilers
Recently Published
TV Characters by Other Roles V
by ghcgh
Television
5m
Decade Duel: World Leaders
by jenniferyan
History
4m
Alphabetical 'K' Countries by Flag Minefield
by ylime102
Geography
3m
More to Explore
Quiz From the Vault
Featured Blog Post
15 Basketball Trivia Facts You Can Be March Mad About
hide this ad
You Might Also Like...
Tags
direct
Learn
Spelling
Today's Top Quizzes in Language
Browse Language
hide this ad
Today's Top Quizzes in Spelling
Browse Spelling
Top Contributed Quizzes in Language
1
Spring or Fall
2
Spanish Seasons
3
Multilingual Seasons
4
Name the 4 Seasons in English
5
Einsilbige Reime auf Chips
6
Seasonal Rhymes
7
Spring or Fall?
8
Quick Pick: Seasons in Esperanto
9
Quick Pick: Prefixes for Spring
10
Rhymes With 'Spring'
Explore More
Trending Topics
Disney
Kpop
Marvel
Crossword
Anime
NBA
Harry Potter
Puzzle
Country
WWE
Song
Pokémon
Soccer
NFL
The Office
hide this ad
More By:
SASGood
Quiz
Plays
Rating
Category
Featured
Created
Naming the ligands
609
3.00
Science
Nov 18, 2009
simple hydrocarbon reactions
243
3.50
Science
Nov 12, 2009
spelling tion, sion ,cian, sian, etc.
222
1.25
Language
Nov 16, 2010
Spell supermarket related words
131
1.00
Miscellaneous
Mar 17, 2010
words containing cy ,ci ,ce
123
1.33
Language
Nov 9, 2009
Go to Creator's Profile
Score Distribution
Quiz Creator Spotlight
SASGood
Follow
Send a Message
Quizzes Created
-
Created Quiz Play Count
-
More By This Creator
Popular Quizzes Today
1
Countries of Asia Without Outlines Minefield
2
Find the US States - No Outlines Minefield
3
Pick 6: Fruits
4
The Countries of the World
5
Alphabetical 'K' Countries by Flag Minefield
6
Find the Countries of Europe - No Outlines Minefield
7
US States
8
Find the US States
More Language Quizzes
Quick Pick: 'Kitten' in Different Languages
Quiz Lab
Trending Quizzes
Pick 6: Mountains
Pick 6: Harry Potter
Pick 6: Flags
Pick 6: NFL Teams
Pick 6: Movie Franchises
Recently Updated
Adaptations: Name the Title
pecheneg
NWSL Teams
pecheneg
Women's Final Four Teams by Year
bhenderson79
Presidents Quartet II
eogle
Anything But Clue(do)
eogle
Anything But Oceanian Capitals
eogle
Anything But 7
eogle
Anything But Thing
eogle
Word Ladder: February 29
pecheneg
Song Title Questions
pecheneg
Trending Topics
NBA
Disney
Harry Potter
Crossword
Marvel
Anime
Kpop
Song
Pokémon
Puzzle
The Office
Country
Soccer
NFL
WWE
Your Account Isn't Verified!
In order to create a playlist on Sporcle, you need to verify the email address you used during registration. Go to your
Sporcle Settings
to finish the process.
Report this User
Report this user for behavior that violates our
Community Guidelines
.
Details:
Send Report
Go to the Sporcle.com Mobile Site →
Comments